000 00523nam a2200181Ia 4500
008 131103s9999 xx 000 0 und d
040 _aLoreto College
041 _aEnglish
082 _a891.62/MAR
_bLCLIB/29951,27738
100 _aMartin,Augustine
245 _aAnglo - Irish Literature
_cAugustine Martine
260 _aDublin
_bDepartment Of Foreign Affairs
_c1980
300 _a72 p.
_c 20x21 cm.
504 _aIncludes bibliographical references
650 _aIrish Literature
850 _aLCLIB
942 _cBK
999 _c13552
_d64031